00884 2200229 4500001002100000005001700021008004100038035002500079040001200104082001400116084001900130100001900149245012000168260007300288300003100361500014900392504003000541650003400571700001900605850001200624990001800636INLIS00000000000917920150807044648.0  a0010-081500000000617 aYOPDYOG 223a025.6 aSK 025.6 Ist S aISTI Nurdiyati aStudi tentang pelayanan sirkulasi di UPT Perpustakaan unit II Universitas Ahmad Dahlan Yogyakartac/ Isti Nurdiyati aYogyakartabUniversitas Islam Negeri Sunan Kalijaga Yogyakartac2009 axvi, 107 lembar ; 29,5 cm. aSkripsi Program Studi Ilmu Perpustakaan Jurusan Ilmu Perpustakaan dan Informasi Fakultas Adab Universitas Islam Negeri Sunan Kalijaga Yogyakarta aBibliografi: hlm. 105-107 aKimia -- Studi dan Pengajaran aDJAZIM Rohmadi aYOPDYOG a47440-PD/A.15